| 000 | 00723nam a2200169Ia 4500 | ||
|---|---|---|---|
| 008 | 090711s9999 xx 000 0 und d | ||
| 082 | _b704 | ||
| 100 | _aपलसाने म. न. / तळवलकर विद्या | ||
| 245 | _aसामाजिक मानसशास्त्र | ||
| 260 |
_bकॉन्टीनेन्टल प्रकाशन _c2000 |
||
| 300 | _a544 | ||
| 600 | _aपलसाने म. न. / तळवलकर विद्या | ||
| 630 | _aसामाजिक मानसशास्त्र | ||
| 700 | _aपलसाने म. न. / तळवलकर विद्या | ||
| 730 | _aसामाजिक मानसशास्त्र | ||
| 942 | _cBOOK | ||
| 999 |
_c337697 _d337697 |
||